| 000 | 01886nam0a2200349 4500 | ||
|---|---|---|---|
| 001 | RU\NLR\BIBL_A\011603433 | ||
| 005 | 20260405144237.0 | ||
| 010 |
_a978-5-9980-0322-6 _9100 |
||
| 021 |
_aRU _b2017-100113 _97218 |
||
| 035 | _a(RuMoRGB)009497980 | ||
| 035 | _a(NLR Aleph) 011603433 | ||
| 090 |
_a10902244 _c10902244 |
||
| 100 | _a20180126d2017 |||y0rusy50 ca | ||
| 101 | 0 | _arus | |
| 102 | _aRU | ||
| 105 | _aa z 000zy | ||
| 200 | 1 |
_aМой город, в веках отраженный _eпутеводитель по Саратову _fМинистерство образования Саратовской области, Государственное автономное учреждение дополнительного профессионального образования "Саратовский областной институт развития образования" _g[составители: Гаврилова Г. Н., Колесова Е. В.] |
|
| 205 | _a[2-е изд., доп.] | ||
| 210 |
_aСаратов _cГАУ ДПО "СОИРО" _d2017 |
||
| 215 |
_a78, [1] с., [15] л. цв. ил. _cцв. портр. _d21 |
||
| 320 | _aБиблиогр. в конце кн. (23 назв.) | ||
| 606 | 1 |
_aПамятники истории и культуры _jПутеводители _yСаратов, город _92359248 _3RU\NLR\AUTH\6601631402 |
|
| 686 | 1 | _aТ3(2Р-4Са-2С)л60 | |
| 686 | 1 | _aТ3(2Р-4Са-2С)я23 | |
| 702 | 1 |
_4220 _7ca _8rus _aГаврилова _bГ. Н. _cкультуролог _gГалина Николаевна _942805 _3RU\NLR\AUTH\7759874 |
|
| 712 | 0 | 2 |
_4475 _aСаратовский областной институт развития образования _9438399 _3RU\NLR\AUTH\880386133 |
| 942 | _cBOOK | ||
| 980 | _aNBR | ||
| 980 | _aNB | ||